Normal view MARC view

Entry Personal Name

Number of records used in: 1

001 - CONTROL NUMBER

  • control field: 9538

003 - CONTROL NUMBER IDENTIFIER

  • control field: DLC

005 - DATE AND TIME OF LATEST TRANSACTION

  • control field: 20230920152351.0

008 - FIXED-LENGTH DATA ELEMENTS

  • fixed length control field: 220523n| azannaabn |n aaa c

010 ## - LIBRARY OF CONGRESS CONTROL NUMBER

  • LC control number: no2022065063

035 ## - SYSTEM CONTROL NUMBER

  • System control number: (OCoLC)oca14551785

040 ## - CATALOGING SOURCE

  • Original cataloging agency: MdRoLAC
  • Language of cataloging: eng
  • Description conventions: rda
  • Transcribing agency: MdRoLAC

100 1# - HEADING--PERSONAL NAME

  • Personal name: Choragudi, Rahul

373 ## - ASSOCIATED GROUP

  • Associated group: Azim Premji University (Bangalore, India)
  • Source of term: naf

374 ## - OCCUPATION

  • Occupation: College teachers
  • Source of term: lcsh

670 ## - SOURCE DATA FOUND

  • Source citation: Caste matters in public policy, 2023:
  • Information found: title page (Rahul Choragudi) data view (Rahul Choragudi is Assistant Professor at the School of Development, Azim Premji University, Bengaluru, India)

Powered by Koha